=LDR 00000nam 2200000 4500 =001 000701 =005 20250711025640 =035 ##$$a 0010-0725000569 =007 ta =008 250711################a##########0#ind## =020 ##$$a 978-623-307-293-9 =082 ##$$a 398.209 598 =084 ##$$a 398.209 598 GRE t =100 #$$a Gregory lauren =245 1#$$a Tendai membuat sepeda /$c Lauren gregory =250 ##$$a Cetakan pertama =260 ##$$a Rawamangun :$b Badan pengembangan dan pusat bahasa,$c 2022 =300 ##$$a 16 hlm. : $b Ilus. ; $c 21 cm. =650 #4$$a Cerita anak indonesia-terjemahan =650 #4$$a Literasi-bahan bacaan =990 ##$$a TBM04750475